书目信息 |
| 题名: |
学生词句学习手册
|
|
| 作者: | 冯志远 主编 | |
| 分册: | ||
| 出版信息: | 沈阳 辽海出版社 2011.01 |
|
| 页数: | 190页 | |
| 开本: | 23cm | |
| 丛书名: | 学生语言文字写作学习手册 | |
| 单 册: | ||
| 中图分类: | H15-49 | |
| 科图分类: | ||
| 主题词: | 汉语--写作 , 汉语--修辞 | |
| 电子资源: | ||
| ISBN: | 978-7-80638-992-8 | |
| 000 | 00752nam 2200253 450 | |
| 001 | 1150787984 | |
| 005 | 20110301140854.67 | |
| 010 | @a978-7-80638-992-8@dCNY26.00 | |
| 100 | @a20110301d2011 km y0chiy0120 ea | |
| 101 | 0 | @achi |
| 102 | @aCN | |
| 105 | @ay z 000yy | |
| 200 | 1 | @a学生词句学习手册@Axue sheng ci ju xue xi shou ce@f冯志远主编@Ffeng zhi yuan zhu bian |
| 205 | @a第2版 | |
| 210 | @a沈阳@c辽海出版社@d2011.01 | |
| 215 | @a190页@d23cm | |
| 225 | 2 | @a学生语言文字写作学习手册 |
| 410 | 0 | @12001 @a学生语言文字写作学习手册 |
| 606 | 0 | @a汉语@x写作 |
| 606 | 0 | @a汉语@x修辞 |
| 690 | @aH15-49@v4 | |
| 701 | 0 | @a冯志远@Afeng zhi yuan@4主编 |
| 801 | 0 | @aCN@b大连网信软件有限公司图书馆·11@c20110301 |
| 905 | @aZUCC@dH15-49@eF540=2@f3 | |
| 学生词句学习手册/冯志远主编.-第2版.-沈阳:辽海出版社,2011.01 |
| 190页;23cm.-(学生语言文字写作学习手册) |
| ISBN 978-7-80638-992-8:CNY26.00 |
| ● |
| 相关链接 |
|
|
|
正题名:学生词句学习手册
索取号:H15-49/F540=2
 
预约/预借
| 序号 | 登录号 | 条形码 | 馆藏地/架位号 | 状态 | 备注 |
| 1 | 1187576 | 211875764 | 语言库209/209语言库 74排1列6层/ [索取号:H15-49/F540=2] | 在馆 | |
| 2 | 1187577 | 211875773 | 语言库209/209语言库 74排1列6层/ [索取号:H15-49/F540=2] | 在馆 | |
| 3 | 1187578 | 211875782 | 语言库209/209语言库 74排1列6层/ [索取号:H15-49/F540=2] | 在馆 |